000 00723nab a2200229u 4500
001 21520
003 HDC
007 c| |||a|c|aaaa
008 210307b20040110my ||||o |||| 00| 0 eng d
040 _aHDC
100 _aShahed Amanullah /
_eauthor
_919022
245 0 _aDefining Halal /
_cShahed Amanullah
336 _atext
_2rdacontent
337 _acomputer
_2rdamedia
338 _aonline resource
_2rdacarrier
650 _ahalal meat
_91025
650 _aorganic halal
_919023
856 _zRequest full-text at [email protected]
942 _2lcc
942 _cNEWS
942 _kNWS0 004963
999 _c18836
_d18836